Score 0/30 Timer 08:00
9 Plays Today
% Correct
Jurassic World
90.6%
Stuart Little
90.5%
Ferris Bueller's Day Off
90.5%
The Curious Case of Benjamin Button
89.2%
The Hangover
88.2%
Shrek
87.6%
Scooby-Doo
82.6%
Braveheart
82.3%
Her
76.7%
Iron Man
75.4%
50 First Dates
75.1%
The Avengers
74%
Grease
73.1%
Aladdin
72.3%
Memento
72%
% Correct
Clueless
69.2%
Footloose
68.3%
Birdman or (The Unexpected Virtue of Ignorance)
68.2%
Legally Blonde
66.1%
Frozen
65.7%
The Amazing Spider-Man
65.4%
Harry Potter and the Order of the Phoenix
65.1%
Gone with the Wind
64.6%
Dirty Dancing
63.2%
The Rocky Horror Picture Show
62.5%
My Girl
60.3%
Mean Girls
58.2%
The Blair Witch Project
58.1%
Thor
55.6%
The Terminator
52.3%
Remove Ads.
Support Sporcle.
Get the best of Sporcle when you Go Orange. This ad-free experience offers more features, more stats, and more fun while also helping to support Sporcle. Thank you for becoming a member.

You're not logged in!

Compare scores with friends on all Sporcle quizzes.
OR
Log In

Show Comments

Extras

Top Quizzes Today


Score Distribution

Your Account Isn't Verified!

In order to create a playlist on Sporcle, you need to verify the email address you used during registration. Go to your Sporcle Settings to finish the process.

Report this User

Report this user for behavior that violates our Community Guidelines.

Details: